Initialed People AL to ZL Quiz Stats

Quiz Updated Jul 27, 2013

Challenge
Share
Tweet
Embed
Score 0/25 Timer 04:00
0 Plays Today
Clue Answer % Correct
U.S. President assassinated by John Wilkes Booth in 1865Abraham Lincoln
98.9%
Chinese-American martial artist and star of 'Enter the Dragon'Bruce Lee
95.7%
Australian actor who posthumously received an Academy Award for playing the Joker in 'The Dark Knight'Heath Ledger
87%
Former child actor and star of 'Mean Girls' and 'The Parent Trap'Lindsay Lohan
86.7%
Comedian who replaced Johnny Carson as the host of 'The Tonight Show'Jay Leno
86.5%
Saudi-born founder of the al-Qaeda jihadist organization that claimed responsibility for the 9/11 attacksOsama bin Laden
81.2%
German monk whose 'Ninety-Five Theses' provided the catalyst for the Protestant ReformationMartin Luther
74.9%
Mexican-American comedian and actor who hosted his own talk show on TBSGeorge Lopez
71.9%
Aviator and explorer famed for his non-stop transatlantic flight from New York to ParisCharles Lindbergh
71.5%
Actress and rapper who was nominated for an Oscar for her role in 'Chicago'Queen Latifah
71.4%
American businesswoman and cosmetics company founderEstée Lauder
66.4%
Oscar-winning actress perhaps best remembered for playing Scarlett O'Hara in 'Gone with the Wind'Vivien Leigh
57.3%
US actor whose roles include Jacob Black in the 'Twilight' series of moviesTaylor Lautner
55.3%
Clue Answer % Correct
Singer-songwriter who performed the title song of the movie 'Footloose'Kenny Loggins
53%
Legendary Czech tennis player who won 8 Grand Slam titlesIvan Lendl
48.1%
Swedish writer best known for his 'Millennium Series', which includes 'The Girl with the Dragon Tattoo'Stieg Larsson
39.8%
Experimental film director whose movies include 'Blue Velvet' and 'Mulholland Drive'David Lynch
38%
Actor who was Oscar nominated for his role as Richard Nixon in 'Frost/Nixon'Frank Langella
28.2%
Indian American cookbook author and presenter of the TV show 'Top Chef'Padma Lakshmi
19.7%
US comic actor whose TV credits include 'Less Than Perfect' and 'Chuck'Zachary Levi
17.5%
Pop art painter whose style influenced the style of illustration seen in comic books and advertisingRoy Lichtenstein
16.2%
Russian-born US Olympian who won gold in the 2008 individual all-around artist gymnastics competitionNastia Liukin
16%
American author of the 'Earthsea' series of fantasy and science fiction novelsUrsula K. Le Guin
13%
Chinese astronaut who, in 2003, became the first man sent into space by the Chinese space programYang Liwei
1%
US Nobel Prize-winning chemist noted for his role in developing carbon-14 datingWillard Libby
1%

You're not logged in!

Compare scores with friends on all Sporcle quizzes.
Join for Free
OR
Log In

You Might Also Like...

Show Comments

Extras

Top Quizzes Today


Score Distribution

Your Account Isn't Verified!

In order to create a playlist on Sporcle, you need to verify the email address you used during registration. Go to your Sporcle Settings to finish the process.

Report this User

Report this user for behavior that violates our Community Guidelines.

Details: